00709 a2200193 450000100060000002000180000604000240002410000260004824000320007424500270010630000060013336200090013965000310014894200070017995201040018695201040029095201040039499900170049846553 a9788562832215 cAnchieta - Aquarius aGouveia, Luis Augusto10aTudo igual e diferentelpor10aTudo igual e diferente a 0 a2013 4aLiteratura infanto-juvenil cBK 00104070a87.1b87.1d2023-11-21l0o028.5 GOU TUDp4477/AQUr2023-11-21 15:13:07w2023-11-21yBK 00104070a87.1b87.1d2023-11-21l0o028.5 GOU DEMp4479/AQUr2023-11-21 15:13:07w2023-11-21yBK 00104070a87.1b87.1d2023-11-21l0o028.5 GOU RODp4480/AQUr2023-11-21 15:13:07w2023-11-21yBK c46553d46553